Básnik, vo vyhnanstve medzi svojimi. Pont

Bibliographic Details
Main Author: Stanivuk, Radivoj (Author)
Other Authors: Chmel, Karol, 1953- (Translator)
Format: Article
Language:Slovak
Subjects:

MARC

LEADER 00000nab a2200000 a 4500
001 vtls000534023
003 SK-MaSNL
005 20260304094839.0
008 250425c1994 xo 0 slo
015 |a SNBRB19rr/mm-uuuuu 
035 |a CL0534161 
035 |a urn:nbn:sk:snk-abbota 
035 |a (urnnbn)urn:nbn:sk:snk:ar-002m8p 
035 |a (uuid)9f4054a4-3390-41bb-a9fd-53ba9fe591fd 
040 |a SNKBUCL  |b slo  |c SNKBUCL  |e AACR2 
041 0 |a slo 
044 |a xo  |c SK 
080 |a 886.1-1  |2 1981 
100 1 |a Stanivuk, Radivoj  |4 aut  |9 977397 
245 1 0 |a Básnik, vo vyhnanstve medzi svojimi. Pont  |c Radivoj Stanivuk ; Prekl. Karol Chmel 
500 |a Inform. o aut. na s. 12 
650 0 7 |a básne reflexívne  |2 snkbucl  |9 898242 
655 7 |a články z novín a časopisov  |2 snkbucl  |9 267496 
700 1 |a Chmel, Karol,  |d 1953-  |4 trl  |9 105159 
773 0 |t Dotyky  |g Roč. 6, č. 10 (1994), s. 11 
850 |a Slovenská národná knižnica 
852 |a Slovenská národná knižnica 
958 |a article15 
958 |a OND 
958 |a RK 
958 |a LX 
958 |a RY 
958 |a EUIPO 
992 |a RBX 
999 |c 2829271  |d 2831201